000
00289nam a2200121Ia 4500
008
241002s9999 xx 000 0 und d
082
_a
952.046 HAL
100
_a
Halloran, Richard
245
0
_a
Japan Images and Realitions
260
_a
New York:
_c
1970
600
_a
History
942
_c
UC
999
_c
18592
_d
18592